000 00780nas a2200253 i 4500
001 1564
003 ES-MaACL
005 20250721062536.0
007 t|
008 950801d1937 sp w| | 1 ||pa d
022 _a9955-0075
080 _a33
245 0 0 _aNueva economía nacional
_b: economía, hacienda, sociología, administración /
_cdir. fund. Vicente Gay.
260 _aMadrid :
_bNueva Economía Nacional,
_c1937-
300 _a21 v. ;
_c31 cm.
310 _aSemanal
362 0 _aAño 1, 2. año triunfal, n. 1 (31 jul. 1937)-
597 _aVariaciones en el formato.
650 1 7 _aEconomía
_2embne
_912006
700 1 _aGay, Vicente,
_d1876-1949
_956113
852 _aES-MaACL
_jHem-301
866 0 _o1946-60(1961f.n.1257)1962-63.
999 _c1564
_d1564